000 00270cam a22000977a 4500
008 180718b1953 xxu||||| |||| 00| 0 eng d
082 _aR6603x5444 M999r
245 _aMysore workmen's compensation rules, 1953
260 _aBangalore
_bGovernment Press
_c1953
300 _a53p
999 _c419753
_d419753